George Ezra - Listen To The Man Lyrics - Statistics

General Stats
  • This quiz has been taken 24 times
  • The average score is 245 of 287
Answer Stats
Lyrics % Correct
a
100%
be
100%
do
100%
don't
100%
have
100%
listen
100%
man
100%
me,
100%
on
100%
that
100%
the
100%
to
100%
what
100%
you,
100%
you
100%
you?
100%
You
100%
all
92%
and
92%
can't
92%
for
92%
go,
92%
I
92%
need
92%
not
92%
oh
92%
so
92%
tell
92%
we
92%
your
92%
Your
92%
alone,
83%
feel
83%
get
83%
hear
83%
it,
83%
it
83%
know,
83%
let
83%
loving
83%
of
83%
one,
83%
should
83%
that's
83%
there,
83%
want
83%
when
83%
why
83%
will
83%
won't
83%
you're
83%
babe
75%
but
75%
chest,
75%
come
75%
easy,
75%
easy
75%
eight,
75%
five,
75%
four,
75%
head
75%
heavy
75%
off
75%
resting
75%
scared,
75%
seven,
75%
single
75%
six,
75%
they're
75%
three,
75%
two,
75%
us
75%
wanna
75%
We're
75%
about
67%
anyway?
67%
bed
67%
care
67%
catch
67%
fall,
67%
feeling
67%
hold
67%
home
67%
if
67%
jump
67%
low
67%
na,
67%
na
67%
well,
67%
with
67%
enough
58%
hate
58%
keeps
58%
plan
58%
selling
58%
spinning
58%
woah
58%
world
58%
breezy
50%
tears,
50%
younger
42%
than
17%
No matching quizzes found
Score Distribution
Percent of People with Each Score
Percentile by Number Answered
Your Score History
You have not taken this quiz